000 00916cam a22002891 4500
001 gs 63000283
003 DLC
005 20260227111413.0
008 790425s1963 nduab b s000 0 eng c
010 _ags 63000283
035 _a(OCoLC)4893313
040 _aU.S. Geol. Survey. Libr.
_cMnMohC
_dDLC
042 _apremarc
043 _an-us-nd
050 0 0 _aQE672
_b.K8
100 1 _aKume, Jack.
245 1 4 _aThe Bakken and Englewood Formations of North Dakota and northwestern South Dakota.
260 _aGrand Forks, N.D.,
_c1963.
300 _avii, 87 p.
_billus., maps.
_c23 cm.
410 2 0 _aNorth Dakota Geological Survey.
_tBulletin
_v39
500 _aPart of illustrative matter fold. in pocket.
504 _aBibliography: p. 54-57.
650 0 _aGeology
_zNorth Dakota.
650 0 _aGeology
_zSouth Dakota.
650 0 _aGeology, Stratigraphic
_yMississippian.
650 0 _aGeology
_zMontana.
999 _c29743
_d29743